Central Library OPAC University of Rajshahi

Symposium on radiobiology the basic aspects of radiation effects on living systems / (Record no. 11699)

MARC details
000 -LEADER
fixed length control field 00682nam a2200217 a 4500
001 - CONTROL NUMBER
control field 11699
003 - CONTROL NUMBER IDENTIFIER
rucl marc code BD-RjUL
005 - DATE AND TIME OF LATEST TRANSACTION
control field 20211208235152.0
008 - FIXED-LENGTH DATA ELEMENTS--GENERAL INFORMATION
fixed length control field 161117s1952 nyu | |||| | eng d
035 ## - SYSTEM CONTROL NUMBER
System control number (BD-RjUL)11748
040 ## - CATALOGING SOURCE
Original cataloging agency BD-RjUL
Language of cataloging eng
Transcribing agency BD-RjUL
Modifying agency BD-RjUL
041 ## - LANGUAGE CODE
Language code of text/sound track or separate title eng
082 ## - DEWEY DECIMAL CLASSIFICATION NUMBER
Edition number 23
Classification number 571.45
Author mark and year SYM 1952
245 00 - TITLE STATEMENT
Title Symposium on radiobiology the basic aspects of radiation effects on living systems /
Statement of responsibility, etc. James J. Nickson.
260 ## - PUBLICATION, DISTRIBUTION, ETC. (IMPRINT)
Place of publication, distribution, etc. New York :
Name of publisher, distributor, etc. John Wiley and Sons, Inc,
Date of publication, distribution, etc. 1952.
300 ## - PHYSICAL DESCRIPTION
Pagination 465 p.
Size 23 cm.
500 ## - GENERAL NOTE
General note Oberlin college June 14-18, 1950
General note Inventory Control Project record.
650 ## - SUBJECT ADDED ENTRY--TOPICAL TERM
Topical term or geographic name as entry element Radiobiology
9 (RLIN) 165125
942 ## - ADDED ENTRY ELEMENTS (KOHA)
Source of classification or shelving scheme Dewey Decimal Classification
Koha item type Books
Holdings
Lost status Source of classification or shelving scheme Damaged status Not for loan Collection code Permanent Location Current Location Shelving location Date acquired Source of acquisition Cost, normal purchase price Total Checkouts Full call number Date last seen Copy number Koha item type
  Dewey Decimal Classification   Not For Loan Non-fiction Central Library, University of Rajshahi Central Library, University of Rajshahi Reading Room 23/09/1958 Johnathan wren & co., London 10.12   571.45 SYM 1952 27/01/2014 C-2 Books
  Dewey Decimal Classification     Non-fiction Central Library, University of Rajshahi Central Library, University of Rajshahi   23/09/1958 Zeitlinger 10.12   571.45 SYM 1952 17/11/2016 C-3 Books